000 00517nam a2200181 u 4500
001 000002626
005 20200929150227.0
008 090703s2005 dr r 000 0 spa d
040 _aDO-SdBNP
082 _bP644a
100 1 _aPimentel, Alejandro
_91463
245 1 0 _a[Apuntes jurídicos y filosóficos] /
_cAlejandro Pimentel.
260 _aRepública Dominicana :
_b[s. n],
_c2005.
300 _a116 p.: ;
_c22 cm.
500 _aIncluye índice
504 _aIncluye notas al pie de las páginas
049 _aBNPD
999 _c2462
_d2462